| 000 | 00508nam a2200217Ia 4500 | ||
|---|---|---|---|
| 001 | 1274 | ||
| 003 | GE_BSU | ||
| 008 | 181216s||||||||xx |||||||||||||| ||und|| | ||
| 040 | _cGE_BSU | ||
| 080 | _a574(075.8) | ||
| 100 | _aДубинин; Н.П. | ||
| 245 | _aОбщая генетика | ||
| 245 | _cРед:Жученко; А.А. | ||
| 260 | _aМосква | ||
| 260 | _bНаука | ||
| 260 | _c1986 | ||
| 300 | _a560с. 25 см. | ||
| 541 | _h20 л. | ||
| 653 | _aГенетика. | ||
| 942 | _cBK | ||
| 999 |
_c35419 _d35419 |
||